| 000 | 00296 a2200085 4500 | ||
|---|---|---|---|
| 100 | 1 |
_aIonov, Ju. A.. _eAutor |
|
| 245 | 0 |
_aLampovye generatory sverchvysokoj castoty / _cIonov Ju. A.. |
|
| 710 | 2 |
_aIzdat. Leningr. Univers.. _eWydawca _4pbl |
|
| 260 |
_aLeningrad : _bIzdat. Leningr. Univers., _c1973. |
||
| 300 |
_a114 s.; _c25 cm. |
||
| 999 |
_c6829 _d6829 |
||